000 00670nam a2200229Ia 4500
003 OSt
005 20240802115221.0
008 210716s2009 xx 000 0 und d
020 _a9781883283698
040 _cAIMIT LIBRARY
041 _aeng
082 _a374.22
_21
_bSPEA
100 _aSpencer, Andrew.
_9174901
245 _aTower of thieves AIG /
_cBy Andrew Spencer.
250 _a1st ed.
260 _aNew York :
_c2009.
_bBaick Tower Press ,
300 _a257P. ;
_bHB
_c23.8 cm
650 _aAn open checkbook
_9174902
650 _aResign or go commit suicide
_9174903
650 _acovering up is hard to do
_9174904
942 _2ddc
_cBK
_e1st
_k374.22 SPEA
999 _c206322
_d206322